Central Library OPAC University of Rajshahi

Reforming the world's money / (Record no. 18421)

MARC details
000 -LEADER
fixed length control field 00846nam a22002771 4500
001 - CONTROL NUMBER
control field 18421
003 - CONTROL NUMBER IDENTIFIER
rucl marc code BD-RjUL
005 - DATE AND TIME OF LATEST TRANSACTION
control field 20211209000300.0
008 - FIXED-LENGTH DATA ELEMENTS--GENERAL INFORMATION
fixed length control field 160625s1966 enk 001 0 eng
035 ## - SYSTEM CONTROL NUMBER
System control number (BD-RjUL)18479
System control number (OCoLC)250909
040 ## - CATALOGING SOURCE
Original cataloging agency DLC
Transcribing agency ODaWU
Modifying agency OCoLC
-- Uk
-- DLC
-- BD-RjUL
Language of cataloging eng
041 ## - LANGUAGE CODE
Language code of text/sound track or separate title eng
082 ## - DEWEY DECIMAL CLASSIFICATION NUMBER
Classification number 332.42
Author mark and year HAR 1966
100 1# - MAIN ENTRY--PERSONAL NAME
Personal name Harrod, Roy,
Dates associated with a name 1900-1978.
9 (RLIN) 6081
245 10 - TITLE STATEMENT
Title Reforming the world's money /
Statement of responsibility, etc. Roy Harrod.
260 ## - PUBLICATION, DISTRIBUTION, ETC. (IMPRINT)
Place of publication, distribution, etc. London :
Name of publisher, distributor, etc. Macmillan,
Place of publication, distribution, etc. New York :
Name of publisher, distributor, etc. St. Martin's Press,
Date of publication, distribution, etc. c1965 [Reprinted 1966].
300 ## - PHYSICAL DESCRIPTION
Pagination viii, 181 p. ;
Size 23 cm.
504 ## - BIBLIOGRAPHY, ETC. NOTE
Bibliography, etc Includes index.
610 20 - SUBJECT ADDED ENTRY--CORPORATE NAME
Corporate name or jurisdiction name as entry element International Monetary Fund.
650 #0 - SUBJECT ADDED ENTRY--TOPICAL TERM
Topical term or geographic name as entry element Monetary policy.
9 (RLIN) 56759
Topical term or geographic name as entry element Currency question.
9 (RLIN) 56760
Topical term or geographic name as entry element Foreign exchange.
9 (RLIN) 56761
942 ## - ADDED ENTRY ELEMENTS (KOHA)
Source of classification or shelving scheme Dewey Decimal Classification
Koha item type Books
Holdings
Lost status Source of classification or shelving scheme Damaged status Not for loan Collection code Permanent Location Current Location Shelving location Date acquired Source of acquisition Cost, normal purchase price Total Checkouts Full call number Date last seen Copy number Koha item type
  Dewey Decimal Classification     Non-fiction Central Library, University of Rajshahi Central Library, University of Rajshahi   02/12/1968 Zitlinger 25.00   332.42 HAR 1966 20/02/2014 C-3 Books
  Dewey Decimal Classification     Non-fiction Central Library, University of Rajshahi Central Library, University of Rajshahi   02/12/1968 Zeithlinger 25.00   332.42 HAR 1966 25/06/2016 C-2 Books
  Dewey Decimal Classification     Non-fiction Central Library, University of Rajshahi Central Library, University of Rajshahi   02/12/1968 Zeithlinger 25.00   332.42 HAR 1966 25/06/2016 C-4 Books